000 00570nam a2200205 i 4500
001 bgj
100 1 _aREES, Nigel
_d(1944- )
245 1 0 _aCassell's dictionary of word and phrase origins /
_cNigel Rees.
260 _aLondon :
_bCassell,
_c2004.
300 _aIX, 274 pp ;
_c20 cm.
650 9 _aEnglish language
_xEtymology
650 9 _aEnglish language
_xTerms and phrases
_xHistory
655 _aDictionaries
020 _a0304362255
040 _cBPK
041 0 _aeng
920 _a0-304-36225-5
942 _cKS
008 s uk f |000 0 eng
999 _c48746
_d48746